书目信息 |
| 书名: | Blueprints for Harmonious Gardens | |
| 作者: | Tara Dillard | |
| 分册号: | ||
| 分册名: | 出版地: | CHINA |
|
| 出版社: | Sterling Pub Co Inc | |
| 出版时间: | 2007 | |
| 页数: | 127P | |
| 开本: | 27CM | |
| 丛书名: | ||
| 中图分类号: | ||
| 科图分类号: | ||
| 其他分类号: | S731 | |
| 主题词: | ||
| 电子资源: | ||
| 000 | 00401nam0 2200145 450 | |
| 001 | 202012003601 | |
| 005 | 20121206110719.0 | |
| 008 | 12120601s | |
| 020 | @a9781402720314@c$14.95 | |
| 099 | @dS731@eT176 | |
| 245 | 10 | @aBlueprints for Harmonious Gardens@c Tara Dillard |
| 260 | 0 | @aCHINA@b Sterling Pub Co Inc @c2007 |
| 300 | @a127P@c27CM | |
| 905 | @b15249-50 | |
| 905 | @aTSG@dS731@eT176 | |
| Blueprints for Harmonious Gardens / Tara Dillard .-CHINA : Sterling Pub Co Inc , 2007 |
| 127P ; 27CM |
| ISBN 9781402720314$14.95 |
| ● |
| 相关链接 |
|
|
|
正题名:Blueprints for Harmonious Gardens
索取号:S731/T176
 
预约/预借
| 序号 | 登录号 | 条形码 | 馆藏地/架位号 | 状态 | 备注 |
| 1 | 15249 | 300152493 | 自科库401/401自科库 1排1列1层/ [索取号:S731/T176] | 在馆 | |
| 2 | 15250 | 300152509 | 自科库401/401自科库 1排1列1层/ [索取号:S731/T176] | 在馆 |